000 00483nam a22001697a 4500
005 20240426141011.0
008 240426b |||||||| |||| 00| 0 eng d
020 _a97804705251111
082 _a005.133
_bDAV-J
100 _aRefrence, Developr
245 _aJava and Mac OS X /
_cDeveloper Refrence
260 _aIndia:
_bWiley;
_c2010.
300 _axiv, 493 p. :
_bill;
_c23 cm.
500 _ainclude index.
650 _acomputer science/ Java programming Language
999 _c35606
_d35606